The Boys- Charakter erkennen - Statistiken

Allgemein
  • Dieses Quiz wurde 42 mal gespielt
  • Das Durchschnittsergebnis liegt bei 15 aus 20
Antwortstatistiken
Beschreibung Figur % Korrekt
schnellster Mann der Welt A-Train
100%
Anführer der Seven, wahrscheinlich der stärkste von allen Homelander
97%
Superheldin, die ihre Augen zum Leuchten bringen kann, Mitglied der Boys, (Ex-) Mitglied der Seven Starlight/ Annie January
97%
kann unter Wasser atmen, besitzt Kiemen, spricht mit Meerestieren The Deep
97%
ehemaliger C.I.A.-Agent, will alle Supes töten Billy Butcher
94%
französischer Drogendealer, Waffenschmuggler, Mitglied der Boys Frenchie
94%
"Kampf-Ninja" in schwarzem Kostüm, der kein einziges Wort spricht, Mitglied der Seven Black Noir
91%
starke Superheldin, die nicht spricht und nur in Zeichensprache kommuniziert, Mitglied der Boys Kimiko
91%
tritt den Boys bei, nachdem seine Freundin vom schnellsten Mann der Welt getötet worden ist, will Rache üben Hughie Campbell
89%
Familienvater, Mitglied der Boys Mothers Milk/ Marvin Milk/ M.M.
89%
Soldaten-Superheld, Anführer der Gruppe Payback, welche vor den Seven existierte, wird von den Boys als Waffe genutzt Soldier Boy
89%
Sohn des Anführers der Seven Ryan
74%
Superheld, der unsichtbar werden kann Translucent
74%
Managerin der Seven Ashley Barret
69%
schlaueste Person der Welt, Mitglied der Seven, Beraterin des Anführers der Seven Sister Sage
69%
Kongressabgeordnete, die Köpfe zum Explodieren bringen kann Victoria Neuman
63%
Superheldin, (Ex-) Mitglied der Seven, geht eine Beziehung mit dem Anführer der Seven ein, vertritt ihre ideologischen Vorstellungen und verbreitet Prpoaganda Stormfront
60%
CEO von Vought Stan Edgar
54%
Vice-President des Hero Managements, Mentorin des Anführers der Seven Madelyn Stilwell
34%
(Ex-) Leiterin der Boys Grace Mallory
17%
Keine übereinstimmenden Quizze gefunden
Verteilung der Resultate
Anzahl Personen mit jedem Resultat
Perzentil nach korrekt beantworteten Fragen
Ihre Resultats-Entwicklung
Sie haben dieses Quiz noch nicht gespielt